000
00276nam a2200121Ia 4500
008
190216s9999||||xx |||||||||||||| ||und||
100
_a
Lester W Sharp
245
0
_a
Fundamentals Of Cytology
260
_b
Mcgraw -hill
_c
1943
300
_a
274p
650
_a
Botany
942
_c
BK
999
_c
1059
_d
1059